zpět

Detail výsledku týmu

Bar U Souseda, Plzeň

Datum a čas kvízu

16 Celkem bodů Celkový počet nahraných bodů na tomto kvízu bez doplňovacích otázek.
12. Pořadí na kvízu Konečné umístění týmu na tomto kvízu.

Zaznamenané odpovědi

# Otázka Odpověď Body Výsledky
1. Náš přítel a jeden ze skalních... Gandalf 0
2. Ve které evropské zemi začaly... v Maďarsku, též Srbsku 1
3. Na tradičním slavnostním cerem... V rytmu srdce, Chris Rock 0.5
4. Česká národní banka vydala min... Karel Engliš 0
5. Jak se jmenuje nová světová je... Iga Świąteková 0
6. Operace Seelöwe, v češtině tak... o Velkou Británii 0
7. Desková hra Krycí jména vydaná... Mindok 1
8. Od 29. prosince 1941 do 18. če... Jan Kubiš a Jozef Gabčík 1
9. Vzpomenete si na název životop... Krycí jméno Donnie Brasco (originální název Donnie Brasco) 0
10. Pravá identita italské spisova... Elena Ferrante 0